书目信息 |
| 题名: |
图解拔罐消百病一学就会
|
|
| 作者: | 孙平 , 李海涛 主编 | |
| 分册: | ||
| 出版信息: | 南京 江苏凤凰科学技术出版社 2020.05 |
|
| 页数: | 239页 | |
| 开本: | 24cm | |
| 丛书名: | ||
| 单 册: | ||
| 中图分类: | R244.3-64 | |
| 科图分类: | ||
| 主题词: | 拔罐疗法--ba guan liao fa--图解 | |
| 电子资源: | ||
| ISBN: | 978-7-5537-5306-5 | |
| 000 | 01234nam0 2200289 450 | |
| 001 | 012001003012 | |
| 005 | 20141204114606.0 | |
| 010 | @a978-7-5537-5306-5@dCNY35.00 | |
| 099 | @aCAL 012020105189 | |
| 100 | @a20220905d2020 em y0chiy50 ea | |
| 101 | 0 | @achi |
| 102 | @aCN@b320000 | |
| 105 | @aa z 000yy | |
| 106 | @ar | |
| 200 | 1 | @a图解拔罐消百病一学就会@Atu jie ba guan xiao bai bing yi xue jiu hui@f孙平, 李海涛主编 |
| 210 | @a南京@c江苏凤凰科学技术出版社@d2020.05 | |
| 215 | @a239页@c图@d24cm | |
| 300 | @a含章新实用 凤凰含章 | |
| 314 | @a孙平, 长春市宽城区中医院副主任医师。李海涛, 现为南京中医药大学教授、南京中医药大学药学院教学实验中心主任、世界中医药联合会药膳食疗专业委员会副会长、中国药理学会药学监护委员会副秘书长。 | |
| 330 | @a本书以图文并茂的方式介绍了拔罐疗法的基本理论知识和一般性实践操作技巧, 论述了拔罐疗法在治疗一些常见病时的具体应用。内容包括: 拔罐疗法基础知识 ; 拔罐与经络 ; 拔罐疗法的实际操作等。 | |
| 517 | 1 | @a拔罐消百病一学就会@Aba guan xiao bai bing yi xue jiu hui |
| 606 | 0 | @a拔罐疗法@Aba guan liao fa@j图解 |
| 690 | @aR244.3-64@v5 | |
| 701 | 0 | @a孙平@Asun ping@4主编 |
| 701 | 0 | @a李海涛@Ali hai tao@4主编 |
| 801 | 0 | @aCN@bAHXH@c20221111 |
| 905 | @b1373894-8@dR244.3-64@e606@f5 | |
| 图解拔罐消百病一学就会/孙平, 李海涛主编.-南京:江苏凤凰科学技术出版社,2020.05 |
| 239页:图;24cm |
| 含章新实用 凤凰含章 |
| ISBN 978-7-5537-5306-5:CNY35.00 |
| 本书以图文并茂的方式介绍了拔罐疗法的基本理论知识和一般性实践操作技巧, 论述了拔罐疗法在治疗一些常见病时的具体应用。内容包括: 拔罐疗法基础知识 ; 拔罐与经络 ; 拔罐疗法的实际操作等。 |
| ● |
| 相关链接 |
|
|
|
|
正题名:图解拔罐消百病一学就会
索取号:R244.3-64/606
 
预约/预借
| 序号 | 登录号 | 条形码 | 馆藏地/架位号 | 状态 | 备注 |
| 1 | 1373894 | 213738945 | 第二样本阅览室/ [索取号:R244.3-64/606] | 在馆 | |
| 2 | 1373895 | 213738954 | 教育系资料室/ [索取号:R244.3-64/606] | 在馆 | |
| 3 | 1373896 | 213738963 | 教育系资料室/ [索取号:R244.3-64/606] | 在馆 | |
| 4 | 1373897 | 213738972 | 第三借阅区/ [索取号:R244.3-64/606] | 在馆 | |
| 5 | 1373898 | 213738981 | 第三借阅区/ [索取号:R244.3-64/606] | 在馆 |